00369nam a2200145Ia 4500008004100000020001500041041000800056082001600064100002000080245004300100250000600143260005200149300000800201650001400209210716s1985 xx 000 0 und d a0876923759 aeng a658.8 KOTP aKotler, Philip. aMarketing for nonprofit organizations. a2 aNew DelhibPrentice Hall of India PVt Ltdc1985 a527 aMarketing